Culture Générale - Série 2018 - Statistiques

Statistiques générales
  • Ce quiz a été pris 102 fois
  • Le résultat moyen est 5 sur 10
Statistiques - réponses
Question Réponse % Correct
On dit d'une personne qui passe son temps à l'église, que c'est une "grenouille de .... bénitier
79%
De quel grand cérvidé "alces alces" est-il le nom scientifique ? - voir photo élan
79%
Unité de base permettant de mesurer la définition d'une image numérique matricielle pixel
74%
Quel poisson peut être "arc en ciel" ? truite
72%
De quel pays Windhoek est-elle la capitale ? Namibie
66%
Siège bas, souvent accessoire d'un fauteuil ou d'un canapé, où il est utilisé pour allonger les pieds à la même hauteur que le siège - 4 lettres commençant par " p " pouf
52%
Dans quel pays européen se trouve la ville d'Olten ? Suisse
43%
Dans quelle ville italienne s'est produite en 1976 une catastrophe écologique et sanitaire (nuage d'herbicide contenant des produits toxiques qui s'est échappé d'une usine chimique) ? Seveso
39%
Troupe de biches et de jeunes cerfs - 7 lettres commençant par " h " harpail
6%
Quel était le prénom du poète québécois Miron (1928-1996) ? Gaston
5%
Aucun quiz correspondant
Distribution des résultats
% des personnes avec chaque résultat
Percentile par nombre de réponses
Votre historique - résultats
Vous n’avez pas pris ce quiz